Normal view MARC view
  • Demia, Charles,

Entry Nombre Personal

Number of records used in: 1

001 - NUMERO DE CONTROL

  • campo de control: 12959

003 - IDENTIFICADOR DE NUMERO DE CONTROL

  • campo de control: MX-MxUPN

005 - FECHA Y HORA DE LA ÜLTIMA TRANSACCIÓN

  • campo de control: 20240830112019.0

008 - DATOS DE LONGITUD FIJA

  • campo de control de longitud fija: 240830nn|acannaabn | aaa |d

010 ## - NÚMERO DE CONTROL DE LA BIBLIOTECA DEL CONGRESO

  • Número de control LC: nr 96011396

035 ## - NUMERO DE CONTROL

  • Número de control: UPN10000012967

035 ## - NUMERO DE CONTROL

  • Número de control: (DLC)nr 96011396

040 ## - FUENTE DE CATALOGACIÓN

  • Lenguaje de catalogación: spa
  • Agencia de transcripción: NjP
  • Agencia original de catalogación: NjP
  • Agencia que lo modifica: MX-MxUPN

100 1# - ENCABEZAMIENTO - NOMBRE PERSONAL

  • Nombre personal: Demia, Charles,
  • Fechas asociadas con el nombre: 1637-1689

400 1# - VEÁSE - NOMBRE DE PERSONA

  • Personal name: Démia, Carlos,
  • Dates associated with a name: 1637-1689

670 ## - FUENTE EN LA QUE SE LOCALIZARON DATOS

  • Cita de la fuente: T
  • Información localizada: http://es.wikipedia.org/wiki/Charles_D%C3%A9mia

670 ## - FUENTE EN LA QUE SE LOCALIZARON DATOS

  • Cita de la fuente: Carlos Démia y los orígenes de la enseñanza primaria, 1928 :
  • Información localizada: portada (Carlos Démia)

670 ## - FUENTE EN LA QUE SE LOCALIZARON DATOS

  • Cita de la fuente: Autoridades LC, 30 agosto 2024 :
  • Información localizada: (Démia, Charles, 1637-1689 )
  • Uniform Resource Identifier: https://lccn.loc.gov/nr96011396

902 ## - CATALOGADOR

  • Catalogador: CAA/160707
  • Catalogador: MaríaRobles/300824